The greek myths /

সংরক্ষণ করুন:
গ্রন্থ-পঞ্জীর বিবরন
প্রধান লেখক: Graves, Robert (লেখক)
বিন্যাস: গ্রন্থ
ভাষা:ইংরেজি
প্রকাশিত: London : Penguin Books, 1992
সংস্করন:Combined ed
মালা:Penguin Books
ট্যাগগুলো: ট্যাগ যুক্ত করুন
কোনো ট্যাগ নেই, প্রথমজন হিসাবে ট্যাগ করুন!

MARC

LEADER 00000nam a22000007i 4500
001 IT\ICCU\UBO\2177907
003 ItRI
005 20251002142129.0
008 030502s1992 xxk|||||| ||||| |||||c
020 |a 0140171991 
040 |b ita  |c ct 
041 7 |a eng  |2 ISO-639-2 
100 1 |a Graves, Robert  |0 IT\ICCU\CFIV\090889  |4 aut 
245 1 4 |a The greek myths /  |c Robert Graves. 
250 |a Combined ed 
260 |a London :  |b Penguin Books,  |c 1992 
300 |a 782 p. ;  |c 22 cm. 
830 0 |a Penguin Books  |0 IT\ICCU\SBL\0689886 
942 |2 ddc  |c BK 
952 |0 0  |1 0  |2 ddc  |4 0  |6 B_SCR03GRAROGRE11  |7 0  |9 7704  |a MI  |b MI  |d 2012-05-31  |i 6323  |l 0  |o B-SCR03-GRARO-GRE11  |p CDOM6323  |r 2025-07-13 16:28:00  |w 2025-07-13  |x DONO  |y BK 
981 1 |6 z01  |a i   |b xxxe  
982 1 |6 z01  |a n 
999 |c 6379  |d 6379